00640nam a2200217Ia 4500003000400000005001700004008004100021020001500062040000700077041000800084082001500092100002900107245002400136260004500160300000900205650002000214700002600234942001300260999001900273952013000292OSt20251010110604.0250729s2005 xx 000 0 und d a8171692702 cAL aeng a420.7 SHAT aSharma Kadambari9222922 aTeaching of english aNew DelhibCommonwealth Publishersc2005 a164p aEnglish9222923 aTuteja Tripat9222924 2ddccBED c235670d235670 00104070aALbALd2025-07-29eSita Book Houseg130.00l0o420.7 SHATpBED00989r2025-07-29 16:54:12v130.00w2025-07-29yBK